Concerto for double string orchestra
Salvato in:
| Autore principale: | |
|---|---|
| Natura: | Libro |
| Lingua: | inglese |
| Pubblicazione: |
Londres
Schott
1946
|
| Serie: | Ed, 11106
|
| Soggetti: | |
| Tags: |
Aggiungi Tag
Nessun Tag, puoi essere il primo ad aggiungerne!!
|
MARC
| LEADER | 00000nam a2200000 a 4500 | ||
|---|---|---|---|
| 001 | UCY1008 | ||
| 003 | CL-VaPUC | ||
| 005 | 20231024144440.0 | ||
| 008 | 940819e19460000UK |||||||||||||||||eng|d | ||
| 999 | |c 229848 |d 229846 | ||
| 040 | |c Pontificia Universidad Católica de Valparaíso | ||
| 082 | 0 | 4 | |a Or784.7 TIP 1946 |2 21 |
| 100 | 0 | |a Tippett, Michael |e author |9 328879 | |
| 245 | 1 | 0 | |a Concerto for double string orchestra |
| 260 | |a Londres |b Schott |c 1946 | ||
| 300 | |a 58 p | ||
| 490 | 0 | |a Ed, 11106 | |
| 583 | |a last modification |c 19940819 00:00:00 |k Rodrigo Vera | ||
| 650 | 0 | |a Orquesta de cuerdas |2 CL-VaPUC |9 328881 | |
| 650 | 0 | |a Música de cámara |9 306547 | |
| 650 | 0 | |a Música para instrumentos de cuerda |9 324832 | |
| 650 | 0 | |a Música contemporánea |9 306742 | |
| 650 | 0 | |a Compositores ingleses |2 CL-VaPUC |9 328882 | |
| 650 | 0 | |a Música inglesa, siglo 20 |2 CL-VaPUC |9 328883 | |
| 942 | |c BK |2 ddc | ||
| 945 | |d 19940819 00:00:00 |a oaravena | ||
| 952 | |0 0 |1 0 |2 ddc |4 0 |6 OR_784_700000000000000_TIP_1946 |7 0 |8 A |9 231546 |a BIBEDU |b BIBEDU |d 2019-11-15 |i 2998173 |o Or784.7 TIP 1946 |p 2998173 |r 2023-11-22 |w 2019-11-15 |y BK |k MUS | ||